000 00440nam a2200181Ia 4500
003 GCL
008 140319s9999 xx 000 0 eng d
040 _aGCL /
_cGCL
082 0 4 _a782.9
_bL C
100 1 _aLAMB, GORDON H
245 1 0 _aCHORAL TECHNIQUES /
_cLAMB, GORDON H
260 _a[S.N] :
_bWM . C. BROWN ،
_c1988
300 _a302 P P
650 0 4 _aMUSIC
650 0 4 _aCHORAL MUSIC
650 0 4 _aVOCAL MUSIC
942 _2ddc
_cBK
999 _c11974
_d11974